|
|
|
|
| LEADER |
00000nab a2200000 ar4500 |
| 001 |
vtls010081551 |
| 003 |
SK-MaSNL |
| 005 |
20260426071034.0 |
| 008 |
100331c2010 xo sr|p|||||||000 b|slo |
| 015 |
|
|
|a SNBRB2010/04
|2 snkbucl
|
| 038 |
|
|
|a SNKBUCL
|
| 040 |
|
|
|a SNKBUCL
|b slo
|c SNKBUCL
|e AACR2
|
| 041 |
0 |
|
|a slo
|
| 044 |
|
|
|a xo
|c SK
|
| 080 |
|
|
|a 352/353
|x (437.6)
|2 2001
|
| 100 |
1 |
|
|a Nižňanský, Viktor
|d 1953-
|4 aut
|9 159370
|
| 245 |
1 |
0 |
|a Perspektíva bez reálnejších kontúr
|b vo verejnej správe treba pokračovať v napĺňaní princípu subsidiarity
|c Viktor Nižňanský
|
| 650 |
0 |
7 |
|a verejná správa
|2 snkbucl
|9 1538
|
| 650 |
0 |
7 |
|a reforma
|2 snkbucl
|9 662071
|
| 651 |
|
7 |
|a Slovensko
|2 snkbucl
|9 14231
|
| 773 |
0 |
|
|t Verejná správa
|g Roč. 65, č. 7 (2010), s. 14-15
|x 1335-7883
|
| 852 |
|
|
|a SNK
|b KIS3GCP
|
| 958 |
|
|
|a SK
|
| 999 |
|
|
|c 2673913
|d 2675843
|